Machine Hallucinations: (Record no. 609531)
[ view plain ]
| 000 -LEADER | |
|---|---|
| fixed length control field | 02923 a2200313 i 4500 |
| 001 - CONTROL NUMBER | |
| control field | 265283519 |
| 003 - CONTROL NUMBER IDENTIFIER | |
| control field | MePoLT |
| 005 - DATE AND TIME OF LATEST TRANSACTION | |
| control field | 20240607115315.0 |
| 008 - FIXED-LENGTH DATA ELEMENTS--GENERAL INFORMATION | |
| fixed length control field | 240606b ||||| |||| 00| 0 eng d |
| 020 ## - INTERNATIONAL STANDARD BOOK NUMBER | |
| International Standard Book Number | 9781119748847 |
| 038 ## - RECORD CONTENT LICENSOR | |
| Staff Name | Malang Jan |
| 040 ## - CATALOGING SOURCE | |
| Original cataloging agency | MePoLT |
| Transcribing agency | MePoLT |
| Description conventions | rda |
| 082 ## - DEWEY DECIMAL CLASSIFICATION NUMBER | |
| Classification number | 720.28563 |
| Author Mark | MAC |
| 090 #4 - LOCALLY ASSIGNED LC-TYPE CALL NUMBER (OCLC); LOCAL CALL NUMBER (RLIN) | |
| Classification number (OCLC) (R) ; Classification number, CALL (RLIN) (NR) | NA2728.L433 |
| 245 00 - TITLE STATEMENT | |
| Title | Machine Hallucinations: |
| Remainder of title | Architecture and Artificial Intelligence/ |
| Statement of responsibility, etc. | edited by Matias del Campo & Neil Leach |
| 264 #1 - PRODUCTION, PUBLICATION, DISTRIBUTION, MANUFACTURE, AND COPYRIGHT NOTICE | |
| Place of production, publication, distribution, manufacture | London: |
| Name of producer, publisher, distributor, manufacturer | John Wiley & Sons; |
| Date of production, publication, distribution, manufacture, or copyright notice | 2022. |
| 300 ## - PHYSICAL DESCRIPTION | |
| Extent | 144p.: |
| Other physical details | ill; |
| Dimensions | 27cm. |
| 440 10 - SERIES STATEMENT/ADDED ENTRY--TITLE | |
| Title | Architectural design |
| 9 (RLIN) | 33235 |
| 490 10 - SERIES STATEMENT | |
| Series statement | Architectural design |
| Volume/sequential designation | vol:92,no:03 |
| 505 ## - FORMATTED CONTENTS NOTE | |
| Formatted contents note | Can Machines Hallucinate Architecture? / Matias del Campo and Neil Leach -- The Legacy Sketch Machine: From Artificial to Architectural Intelligence / Wolf dPrix, Karolin Schmidbaur, Daniel Bolojan and Efilena Baseta -- Creative AI: Augmenting Design Potency / Daniel Bolojan -- Space in the Mind of a Machine: Immersive Narratives / Refik Anadol -- Strange, But Familiar Enough: the Design Ecology of Neural Architecture / Matias del Campo and Sandra Manninger -- When Robots Dream: in Conversation with Alexandra Carlson / Matias del Campo -- Augmenting Digital Nature: Generative Art as a Constructive Feedback Loop / Sofia Crespo and Feileacan McCormick -- AI and Myths of Creativity / Lev Manovich -- Architectural Hallucinations: What Can AI Tell Us About the Mind of an Architect? / Neil Leach -- AI-Controlled Robot Masks: Resisting Patriarchal Oppression / Behnaz Farahi -- Assembled Worlds: New Campo Marzio-Piranesi in the Age of AI / M Casey Rehm and Damjan Jovanovic -- Architectural Plasticity: the Aesthetics of Neural Sampling / Immanuel Koh -- Synthesising Artificial Intelligence and Physical Performance / Achim Menges and Thomas Wortmann -- Sequential Masterplanning: Using Urban-GANs / Wanyu He -- Time for Change, the InfraRed Revolution: How AI-driven Tools can Reinvent Design for Everyone / Theodoros Galanos and Angelos Chronis -- Cyborganic Living / Maria Kuptsova -- Unleashing New Creativities / Matias del Campo and Neil Leach -- Endlessskyscraper / Eduard Haiman -- The Serlio Code / Gabriel Esquivel, Jean Jaminet and Shane Bugni -- Cloud Pergola / Alisa Andrasek -- Dream Estate / Damjan Jovanovic and Lidija Kljakovic -- The Dragonfly Wing Project / Hao Zheng and Masoud Akbarzadeh -- Artificial Relief / Kyle Steinfeld -- Architectural Intelligence: Colloquy of Mobiles Redux / Neil Spiller. |
| 520 ## - SUMMARY, ETC. | |
| Summary, etc. | Machine Hallucinations: Architecture and Artificial Intelligence (Architectural Design) by Matias del Campo (2022) |
| 650 ## - SUBJECT ADDED ENTRY--TOPICAL TERM | |
| Topical term or geographic name entry element | Architectural design |
| General subdivision | Data processing |
| 9 (RLIN) | 31758 |
| 650 ## - SUBJECT ADDED ENTRY--TOPICAL TERM | |
| Topical term or geographic name entry element | Artificial intelligence |
| 650 ## - SUBJECT ADDED ENTRY--TOPICAL TERM | |
| Topical term or geographic name entry element | Computer |
| General subdivision | aided design |
| 9 (RLIN) | 34185 |
| 700 1# - ADDED ENTRY--PERSONAL NAME | |
| Personal name | Campo,Matias del |
| 9 (RLIN) | 123303 |
| 700 1# - ADDED ENTRY--PERSONAL NAME | |
| Personal name | Leach,Neil |
| 942 ## - ADDED ENTRY ELEMENTS (KOHA) | |
| Source of classification or shelving scheme | |
| Koha item type | Book |
| Withdrawn status | Lost status | Source of classification or shelving scheme | Damaged status | Not for loan | Permanent Location | Current Location | Date acquired | Source of acquisition | Total Checkouts | Full call number | Barcode | Date last seen | Copy number | Cost, replacement price | Price effective from | Koha item type |
|---|---|---|---|---|---|---|---|---|---|---|---|---|---|---|---|---|
| School of Art Design and Architecture (SADA) | School of Art Design and Architecture (SADA) | 06/03/2024 | Golden Books | 720.28563 MAC 2022 | SADA0003035 | 06/06/2024 | 01 | 9967.50 | 06/06/2024 | Book |
